000 00809nam a2200205Ia 4500
008 110201s9999 xx 000 0 und d
082 _bB10879
_aS 2143
100 _aअनु : ढोले विश्राम
100 _aलाला आर. एम.
245 _aदि रोमान्स ऑफ टाटा स्टील
260 _bउत्कर्ष प्रकाशन
365 _b200
600 _aअनु : ढोले विश्राम
600 _aलाला आर. एम.
630 _aदि रोमान्स ऑफ टाटा स्टील
700 _aअनु : ढोले विश्राम
700 _aलाला आर. एम.
730 _aदि रोमान्स ऑफ टाटा स्टील
942 _cBOOK
999 _c836276
_d836273